| 000 | 01179nam a22002297a 4500 | ||
|---|---|---|---|
| 001 | BRCA_9234 | ||
| 003 | FranzMayer | ||
| 005 | 20220921133141.0 | ||
| 008 | 220914b |||||||| |||| 00| 0 eng d | ||
| 040 |
_bspa _cMFM |
||
| 041 | _aspa | ||
| 050 |
_aHD7288.78.M4 _bV58 1988 |
||
| 245 | 3 |
_aLa vivienda comunitaria en México / _cInstituto del Fondo Nacional de la Vivienda para los Trabajadores |
|
| 260 |
_aMéxico, D.F. : _bConsorcio Editorial Comunicación, _c1988 |
||
| 300 |
_a359 pp. : _bil. fot. map. planos ; _c28 x 28 cm. |
||
| 500 | _aUbicación: L60-N2 | ||
| 520 | _aEl objetivo de esta obra es el estudio de la vivienda comunitaria en México y su evolución a lo largo de nuestra Historia. el Instituto del Fondo Nacional de la Vivienda para los Trabajadores, ha tenido interés en abordar este tema para realizar un primer intento por concentrar y sistematizar el conocimiento en la materia y difundirlo entre especialistas y público en general. | ||
| 610 |
_aINFONAVIT (Agency) _xViviendas sociales _xHistoria _zMéxico _928572 |
||
| 650 |
_aTrabajadores _xViviendas _xHistoria _zMéxico _928573 |
||
| 942 |
_2lcc _cB |
||
| 999 |
_c10853 _d10853 |
||